Mobile peer to peer (P2P) : (Record no. 28945)
[ view plain ]
| 000 -LEADER | |
|---|---|
| fixed length control field | 02258cam a22003135i 4500 |
| 001 - CONTROL NUMBER | |
| control field | 15628706 |
| 003 - CONTROL NUMBER IDENTIFIER | |
| control field | EG-ScBUE |
| 005 - DATE AND TIME OF LATEST TRANSACTION | |
| control field | 20201018100926.0 |
| 008 - FIXED-LENGTH DATA ELEMENTS--GENERAL INFORMATION | |
| fixed length control field | 090218s2009 enka f b 001 0 eng d |
| 020 ## - INTERNATIONAL STANDARD BOOK NUMBER | |
| International Standard Book Number | 9780470699928 (cloth) |
| 020 ## - INTERNATIONAL STANDARD BOOK NUMBER | |
| International Standard Book Number | 0470699922 (cloth) |
| 035 ## - SYSTEM CONTROL NUMBER | |
| System control number | (OCoLC)ocn246886794 |
| 040 ## - CATALOGING SOURCE | |
| Original cataloging agency | DLC |
| Language of cataloging | eng |
| Description conventions | rda |
| Transcribing agency | DLC |
| Modifying agency | UKM |
| -- | BTCTA |
| -- | YDXCP |
| -- | BWKUK |
| -- | BWK |
| -- | VP@ |
| -- | PMC |
| -- | BWX |
| -- | DLC |
| -- | EG-ScBUE |
| 082 04 - DEWEY DECIMAL CLASSIFICATION NUMBER | |
| Classification number | 004.652 |
| Item number | MOB |
| Edition number | 22 |
| 245 00 - TITLE STATEMENT | |
| Title | Mobile peer to peer (P2P) : |
| Remainder of title | a tutorial guide / |
| Statement of responsibility, etc | [edited by] Frank H. P. Fitzek, University of Aalborg, Denmark, Hassan Charaf, Budapest University of Technology, Hungary. |
| 264 #1 - PUBLICATION, DISTRIBUTION, ETC. (IMPRINT) | |
| Place of publication, distribution, etc | West Sussex, United Kingdom : |
| Name of publisher, distributor, etc | John Wiley and Sons, |
| Date of publication, distribution, etc | 2009. |
| 300 ## - PHYSICAL DESCRIPTION | |
| Extent | xviii, 255 pages : |
| Other physical details | illustrations ; |
| Dimensions | 26 cm |
| 336 ## - CONTENT TYPE | |
| Content type term | text |
| Content type code | txt |
| Source | rdacontent |
| 337 ## - MEDIA TYPE | |
| Media type term | unmediated |
| Media type code | n |
| Source | rdamedia |
| 338 ## - CARRIER TYPE | |
| Carrier type term | volume |
| Carrier type code | nc |
| Source | rdacarrier |
| 504 ## - BIBLIOGRAPHY, ETC. NOTE | |
| Bibliography, etc | Includes bibliographical references and index. |
| 505 0# - FORMATTED CONTENTS NOTE | |
| Formatted contents note | Mobile peer-to-peer networks : an introduction to the tutorial guide / Frank H.P. Fitzek and Hassan Charaf -- The evolution of social interactions in networked space / Lara Srivastava and Frank H.P. Fitzek -- The Symbian C++ programming environment / Morten V. Pedersen and Frank H.P. Fitzek -- Introduction to bluetooth communication on mobile devices / Morten V. Pedersen and Frank H.P. Fitzek -- Introduction to WLAN IEEE802.11 communication on mobile devices / Karoly Farkas and Gergely Csucs -- Developing network-capable applications / Peter Ekler, Bertalan Forstner and Gabor Zavarko -- SymTorrent and GridTorrent : developing BitTorrent clients on the Symbian platform / Imre Kelenyi and Bertalan Forstner -- Introduction to network coding for mobile peer to peer (P2P) / Janus Heide and Leonardo Militano -- Mobile social networking : beyond the hype / Bertalan Forstner and Imre Kelenyi -- Using location-based services on mobile phones / Peter Ekler and Gabor Zavarko -- Developing Java games on Symbian OS-based mboile devices / Peter Ekler. |
| 650 #7 - SUBJECT ADDED ENTRY--TOPICAL TERM | |
| Topical term or geographic name as entry element | Mobile communication systems. |
| Source of heading or term | BUEsh |
| 650 #7 - SUBJECT ADDED ENTRY--TOPICAL TERM | |
| Topical term or geographic name as entry element | Peer-to-peer architecture (Computer networks) |
| Source of heading or term | BUEsh |
| 653 ## - INDEX TERM--UNCONTROLLED | |
| Resource For college | Engineering, General |
| Arrived date list | October2020 |
| 700 1# - ADDED ENTRY--PERSONAL NAME | |
| Personal name | Fitzek, Frank H. P., |
| Relator term | editor. |
| 700 1# - ADDED ENTRY--PERSONAL NAME | |
| Personal name | Charaf, Hassan, |
| Relator term | editor. |
| 942 ## - ADDED ENTRY ELEMENTS (KOHA) | |
| Source of classification or shelving scheme | Dewey Decimal Classification |
| Koha item type | Book - Borrowing |
| Withdrawn status | Lost status | Source of classification or shelving scheme | Damaged status | Not for loan | Collection code | Home library | Current library | Shelving location | Date acquired | Source of acquisition | Total Checkouts | Full call number | Barcode | Date last seen | Price effective from | Koha item type |
|---|---|---|---|---|---|---|---|---|---|---|---|---|---|---|---|---|
| Dewey Decimal Classification | unknown | Central Library | Central Library | Lower Floor | 18/10/2020 | Purchase | 004.652 MOB | 000049904 | 15/07/2025 | 18/10/2020 | Book - Borrowing |